LEADER 01040nam 2200361 450 001 9910156270003321 005 20230808201031.0 010 $a1-78625-903-6 035 $a(CKB)3710000000985965 035 $a(MiAaPQ)EBC4807825 035 $a(EXLCZ)993710000000985965 100 $a20200114d2016 uy 0 101 0 $aeng 135 $aurcnu|||||||| 181 $ctxt$2rdacontent 182 $cc$2rdamedia 183 $acr$2rdacarrier 200 10$aAces wild /$fby Robert A Winston ; illustrations by Grant Powers 210 1$a[Place of publication not identified] :$cPickle Partners Publishing,$d[2016] 210 4$dİ2016 215 $a1 online resource (222 pages) 606 $aElectronic books 615 0$aElectronic books. 676 $a070.573 700 $aWinston$b Robert A$g(Robert Alexander),$f1907-$01375762 702 $aPowers$b Grant 801 0$bMiAaPQ 801 1$bMiAaPQ 801 2$bMiAaPQ 906 $aBOOK 912 $a9910156270003321 996 $aAces wild$93410677 997 $aUNINA